Exploratory Courses : (Record no. 5421)

MARC details
000 -LEADER
fixed length control field 00835nam a22002297a 4500
003 - CONTROL NUMBER IDENTIFIER
control field OSt
005 - DATE AND TIME OF LATEST TRANSACTION
control field 20251106043512.0
008 - FIXED-LENGTH DATA ELEMENTS--GENERAL INFORMATION
fixed length control field 251104b |||||||| |||| 00| 0 eng d
020 ## - INTERNATIONAL STANDARD BOOK NUMBER
International Standard Book Number 978-971-9656-82-1
040 ## - CATALOGING SOURCE
Original cataloging agency DWCL - Main Lib
Transcribing agency OC
082 ## - DEWEY DECIMAL CLASSIFICATION NUMBER
Classification number Res. 640 R771e 2022
100 ## - MAIN ENTRY--PERSONAL NAME
Personal name Rondilla, Aida H. [and three others]
245 ## - TITLE STATEMENT
Title Exploratory Courses :
Remainder of title Technology and Livelihood Education for the New Century 8 /
Statement of responsibility, etc. Aida H. Rondilla [and three others]
260 ## - PUBLICATION, DISTRIBUTION, ETC.
Place of publication, distribution, etc. Quezon City, Manila, Philippines ;
Name of publisher, distributor, etc. Adriana Publishing House,
Date of publication, distribution, etc. c2022.
300 ## - PHYSICAL DESCRIPTION
Extent v, 178 pages :
Other physical details illustrations ;
Dimensions 25 cm.
504 ## - BIBLIOGRAPHY, ETC. NOTE
Bibliography, etc. note Includes bibliographical references.
650 ## - SUBJECT ADDED ENTRY--TOPICAL TERM
Topical term or geographic name entry element 1. Home Economics
700 ## - ADDED ENTRY--PERSONAL NAME
Personal name I. Eufemio P. Valdriz, EdD
700 ## - ADDED ENTRY--PERSONAL NAME
Personal name II. Elsa P. Roque
700 ## - ADDED ENTRY--PERSONAL NAME
Personal name III. Jeanette L. Wang
942 ## - ADDED ENTRY ELEMENTS (KOHA)
Source of classification or shelving scheme Dewey Decimal Classification
Koha item type Book- Reserved
Call number suffix Res.
Suppress in OPAC No
952 ## - LOCATION AND ITEM INFORMATION (KOHA)
--
952 ## - LOCATION AND ITEM INFORMATION (KOHA)
--
952 ## - LOCATION AND ITEM INFORMATION (KOHA)
--
952 ## - LOCATION AND ITEM INFORMATION (KOHA)
--
952 ## - LOCATION AND ITEM INFORMATION (KOHA)
--
952 ## - LOCATION AND ITEM INFORMATION (KOHA)
--
Holdings
Withdrawn status Lost status Source of classification or shelving scheme Damaged status Not for loan Home library Current library Shelving location Date acquired Source of acquisition Total Checkouts Full call number Barcode Date last seen Copy number Price effective from Koha item type Uniform Resource Identifier
    Dewey Decimal Classification     Junior High School Library Junior High School Library Reserved 08/14/2023 Complimentary   Res. 640 R771e 2022 JHS - 21165 11/04/2025 c3 11/04/2025 BK-0 CIRC
    Dewey Decimal Classification     Junior High School Library Junior High School Library Reserved 08/14/2023 Complimentary   Res. 640 R771e 2022 JHS - 21164 11/04/2025 c2 11/04/2025 BK-0 CIRC
    Dewey Decimal Classification     Junior High School Library Junior High School Library Reserved 08/14/2023 Complimentary   Res. 640 R771e 2022 JHS - 21163 11/04/2025 c1 11/04/2025 BK-0 CIRC
    Dewey Decimal Classification     Junior High School Library Junior High School Library Reserved 08/14/2025 Library Fund   Res. 640 R771e 2022 JHS - 21130 11/06/2025 c4 11/06/2025 BK-0 CIRC
    Dewey Decimal Classification     Junior High School Library Junior High School Library Reserved 08/14/2025 Library Fund   Res. 640 R771e 2022 JHS - 21129 11/06/2025 c5 11/06/2025 BK-0 CIRC
    Dewey Decimal Classification     Junior High School Library Junior High School Library Reserved 08/14/2025 Library Fund   Res. 640 R771e 2022 JHS - 21128 11/06/2025 c6 11/06/2025 BK-0 CIRC